000 00454nam a2200181Ia 4500
003 IN-BaIIA
008 211028s9999 xx 000 0 eng d
040 _cIIA Library
080 _a523.7
_bABE
100 _aAbetti, Giorgio
_92923
245 4 _aThe sun
_cG. Abetti. 
260 _aLondon
_bFaber and Faber
_c1955
300 _a336p.
650 _aAstronomy and Astrophysics Thesaurus
650 _aSolar Physics
650 _aSun
_91200
942 _cBK
999 _c1682
_d1682